| 000 | 01037cam a22002771 4500 | ||
|---|---|---|---|
| 001 | 24605 | ||
| 003 | BD-RjUL | ||
| 005 | 20211209001055.0 | ||
| 008 | 140313r19681929nyuabch b 000 0 eng | ||
| 035 | _a(BD-RjUL)24674 | ||
| 040 |
_aDLC _cDLC _dDLC _dBD-RjUL _beng |
||
| 041 | _aeng | ||
| 082 | 0 | 0 |
_a974.028 _bWIN |
| 245 | 0 | 0 |
_aWinthrop papers. _nVolume II _p1623-1630 |
| 260 |
_aNew York : _bRussell & Russell, _c1926 [reprinted 1968] |
||
| 300 |
_axxiii,367 p. : _billus., facsims., geneal. table, maps, ports. _c25 cm. |
||
| 500 | _aReprint of the ed. first published 1929- by the Massachusetts Historical Society. | ||
| 504 | _aBibliographical footnotes. | ||
| 505 | 1 | _av. 1. 1498-1628.--v. 2. 1623-1630. | |
| 651 | 0 |
_aNew England _xHistory _yColonial period, ca. 1600-1775 _xSources. _974306 |
|
| 651 | 0 |
_aMassachusetts _xHistory _yColonial period, ca. 1600-1775 _xSources. _974624 |
|
| 651 | 0 |
_aConnecticut _xHistory _yColonial period, ca. 1600-1775 _xSources. _974625 |
|
| 942 |
_2ddc _cBK |
||
| 999 |
_c24605 _d24605 |
||